Movies Quiz

Random Movies or Art Quiz
Score 0/17 Timer 05:00
16 Plays Today
% Correct
A Bug's Life
96.1%
Toy Story 3
87.9%
Ratatouille
86.6%
Finding Dory
85.8%
The Incredibles
84.9%
Brave
84.3%
Inside Out
81.2%
Cars
69.9%
Toy Story 2
68.4%
% Correct
Finding Nemo
68.3%
Monsters University
61.6%
Up
56.6%
The Good Dinosaur
53%
Toy Story
47.3%
Monsters, Inc.
42.7%
WALL·E
30.8%
Cars 2
21.7%
Remove Ads.
Support Sporcle.
Get the best of Sporcle when you Go Orange. This ad-free experience offers more features, more stats, and more fun while also helping to support Sporcle. Thank you for becoming a member.

You're not logged in!

Compare scores with friends on all Sporcle quizzes.
OR
Log In

Show Comments

Extras

Top Quizzes Today


Score Distribution

Your Account Isn't Verified!

In order to create a playlist on Sporcle, you need to verify the email address you used during registration. Go to your Sporcle Settings to finish the process.

Report this User

Report this user for behavior that violates our Community Guidelines.

Details: